The Donald Trump Presidency - Statistics

General Stats
  • This quiz has been taken 2,442 times
    2,163 since last reset
  • The average score is 16 of 23
Answer Stats
% Correct
Promise2 Build a {wall} on the broder with Mexico
97%
His Vice President Mike Pence
95%
His Election opponent Hilary Clinton
93%
Campaign slogan Make America Great Again
93%
He was born in this city New York
93%
Son1 Donald Jr.
88%
His middle name John
87%
Wife3 Melania Knauss
86%
Daughter1 Ivanka
84%
Agreement regarding climate change he withdrew from Paris
79%
Son3 Barron
74%
Book he supposedly wrote The Art of the {Deal}
70%
Son2 Eric
68%
Promise1 Repeal and Replace {Obamacare}
65%
Wife1 Ivana Zelníčková
62%
Attorney General William Barr
61%
Daughter2 Tiffany
50%
His father's name Fred
46%
Secretary of State Mike Pompeo
46%
Secretary of Housing and Urban Development Ben Carson
35%
Wife2 Marla Maples
35%
Secretary of Education Betsy DeVos
33%
Secretary of the Treasury Steven Mnuchin
25%
No matching quizzes found
Score Distribution
Percent of People with Each Score
Percentile by Number Answered
Your Score History
You have not taken this quiz since the last reset